Stolice Europy nagła śmierć - Statystyki

Ogólne statystyki
  • Ten quiz został rozwiązany 288 razy
  • Średni wynik to 11 z 12
Answers on the Grid
Answers color-coded by a green-red scale on the quiz's grid according to % correct below.
Waszyngton
Watykan
Lublana
Nowe Delhi
Ryga
Nairobi
Ottawa
Paryż
Algier
Podgorica
Panama
Vaduz
Kabul
Skopje
Tallin
Santiago
Warszawa
Suva
Tarawa
Prisztina
Sarajewo
Sana
Teheran
Belgrad
 
Statystyki odpowiedzi
Odpowiedź % Poprawnych
Paryż
97%
Ryga
97%
Watykan
97%
Warszawa
96%
Lublana
94%
Sarajewo
94%
Belgrad
91%
Podgorica
91%
Skopje
90%
Tallin
90%
Prisztina
88%
Vaduz
87%
Nie znaleziono quizów pasujących do podanych kryteriów
Rozkład punktacji
Procent ludzi z każdym wynikiem
Percentyl według liczby udzielonych odpowiedzi
Twoja historia wyników
Nie rozwiązałeś tego quizu